| 000 | 02399cam a22004334i 4500 | ||
|---|---|---|---|
| 003 | PE-LiUPU | ||
| 005 | 20250731183419.0 | ||
| 008 | 150625s r 000 0 d | ||
| 020 | _a8476458622 | ||
| 035 | _a(Sirsi) i9788476458624 | ||
| 040 |
_aPE-LiUPU _bspa _cPE-LiUPU _erda |
||
| 049 | _aPRUA | ||
| 082 | 0 | 4 |
_a791.45 013 _bD62 _221 |
| 100 | 1 |
_aDetrés C. Héctor, _eautor. |
|
| 245 | 1 | 0 |
_aTelevisión : _bsus efectos en niños y adolescentes / _cHéctor Detrés Collazo. |
| 264 | 1 |
_aBarcelona, España : _bEditorial Clie, _c1995. |
|
| 300 |
_a292 páginas ; _c20 centímetros |
||
| 336 |
_atext _2rdacontent |
||
| 337 |
_aunmediated _2rdamedia |
||
| 338 |
_avolume _2rdacarrier |
||
| 505 | 0 | _aInicios de la investigación científica sobre los efectos de la televisión y la conducta humana. -Efectos inhibidores de la televisión. -El impacto de la televisión en la familia. -La salud y la televisión. el impacto de la televisión en la familia. La salud y la televisión. -Efectos visuales versus auditivos. -La educación y la televisión. Esteriotipos: raza y sexo y la televisión. -Efectos de la televisión a largo alcance (estudios longitudinales). -Aspectos jufeicristianos y la televisión. | |
| 526 | _aP158 | ||
| 526 | _aP146 | ||
| 526 | _aP17 | ||
| 526 | _aP12 | ||
| 526 | _aP06 | ||
| 541 | _g001-0000156; | ||
| 541 | _g001-0000156; | ||
| 650 | 0 | 4 |
_aTelevisión en la educación. _91795 |
| 650 | 0 | 4 | _aTelevisión y adolescentes. |
| 650 | 0 | 4 | _aTelevisión y niños. |
| 942 |
_2ddc _cBOOK |
||
| 949 |
_a791.45 013 D62 _wDEWEY _c1 _i55138 _d2016-12-1 _e2016-11-29 _lCCODEBUL1 _mBUL _n5 _p12.00 _r0 _sY _tBOOK _u2015-6-25 _xEDUCACION _PP20 _0COMPRA _o.STAFF. Colección General |
||
| 949 |
_a791.45 013 D62 _wDEWEY _c2 _i56575 _d2016-6-28 _e2016-6-24 _lCCODEBUL1 _mBUL _n2 _p12.00 _r0 _sY _tBOOK _u2015-6-25 _xEDUCACION _PP20 _0COMPRA _o.STAFF. Colección General |
||
| 994 |
_aC0 _bPEPRU |
||
| 596 | _a1 | ||
| 999 |
_a791.45 013 D62 _wDEWEY _c43760 _i55138 _d43760 _e2019-9-5 _f2021-11-8 _g5 _lCCODEBUL1 _mBUL _n6 _p12.00 _r0 _sY _tBOOK _u2015-6-25 _xEDUCACION _PP20 _0COMPRA _o.STAFF. Colección General |
||
| 999 |
_a791.45 013 D62 _wDEWEY _c2 _i56575 _d2019-9-5 _e2019-9-1 _f2021-11-8 _g5 _lCCODEBUL1 _mBUL _n7 _p12.00 _r0 _sY _tBOOK _u2015-6-25 _xEDUCACION _PP20 _0COMPRA _o.STAFF. Colección General |
||
| 980 |
_81 _gALBERTO SANCHEZ Responsable de Automatización |
||